000 00748cab a2200241 4500
001 ABS53774
008 090401t1995 xxu||||| |||| 00| 0 eng d
035 _a(Sirsi) u6534
041 _aeng
245 _aFeature: Infotech
260 _c1995
350 _a0
490 _aEstates Times
_v(1298) 13 October 1995, 25-26(2)
520 _aAssesses the current use of the Internet by some leading surveying companies, and how IT can affect property management working practices.
650 _aESTATE AGENTS
650 _aINTERNET
650 _aPROPERTY MANAGEMENT SYSTEMS
650 _aSOFTWARE PACKAGES
650 _aWORLD WIDE WEB
690 _aMANAGEMENT-BUSINESS MANAGEMENT-INFORMATION MANAGEMENT
942 _n0
948 _c04/03/1997
999 _c3912
_d3912